Catálogo
 En Linea

San Cristóbal y su historia. (Registro nro. 27241)

Detalles MARC
000 -CABECERA
campo de control de longitud fija 00468nam a2200145 a 4500
001 - NÚMERO DE CONTROL
campo de control 000027749
005 - FECHA Y HORA DE LA ÚLTIMA TRANSACCIÓN
campo de control 20200930031050.0
008 - DATOS DE LONGITUD FIJA--INFORMACIÓN GENERAL
campo de control de longitud fija 110404s1994 dr r 000 0 spa d
040 ## - FUENTE DE LA CATALOGACIÓN
Centro catalogador/agencia de origen DO-SdBNP
Lengua de catalogación spa
Centro/agencia transcriptor BNPHU
082 ## - NÚMERO DE LA CLASIFICACIÓN DECIMAL DEWEY
Número de clasificación xxxx
Número de documento/Ítem xxxx
245 00 - MENCIÓN DE TÍTULO
Título San Cristóbal y su historia.
260 ## - PUBLICACIÓN, DISTRIBUCIÓN, ETC.
Lugar de publicación, distribución, etc. Santo Domingo :
Nombre del editor, distribuidor, etc. Banco Central de la República Dominicana,
Fecha de publicación, distribución, etc. 1994.
300 ## - DESCRIPCIÓN FÍSICA
Extensión 278 p. ;
Dimensiones 24 cm.
500 ## - NOTA GENERAL
Nota general Incluye referencias bibliográficas y notas al pie de las páginas
Existencias
Estado de retiro Estado de pérdida Restricciones de uso No para préstamo Código de colección Localización permanente Ubicación/localización actual Ubicación en estantería Fecha de adquisición Número de inventario Total de préstamos Signatura topográfica completa Código de barras Fecha visto por última vez Número de copia Precio válido a partir de Tipo de ítem Koha Nota pública
        Dominicana de Servicio General General Depósito 04.04.2011 LF1   xxxx xxxx 27749-30 25.06.2020 e.3 25.06.2020 Libro y Folleto Colección Dominicana de Servicio Dedicado
      Excluido de préstamo Dominicana de Servicio General General Depósito 04.04.2011 LF1   xxxx xxxx 27749-40 25.06.2020 e.4 25.06.2020 Libro y Folleto Colección Dominicana de Servicio dedicado
        Dominicana de Servicio General General Depósito 30.05.2011 LF1   xxxx xxxx 27749-50 25.06.2020 e.5 25.06.2020 Libro y Folleto Colección Dominicana de Servicio Perteneció a la biblioteca personal de la familia Reyes Duluc.
      Excluido de préstamo Patrimonio Dominicano Patrimonio Dominicano Patrimonio Dominicano Depósito 04.04.2011 LF1   xxxx xxxx 27749-10 25.06.2020   25.06.2020 Libro y Folleto Colección Patrimonio Dominicano Perteneció a la biblioteca personal de Juan Isidro Jimenes Grullón.
      Excluido de préstamo Patrimonio Dominicano Patrimonio Dominicano Patrimonio Dominicano Depósito 04.04.2011 LF1   xxxx xxxx 27749-20 25.06.2020 e.2 25.06.2020 Libro y Folleto Colección Patrimonio Dominicano Dedicado

Con tecnología Koha